Países más Densamente Poblados - Estadísticas

Estadísticas generales
  • Esta prueba ha sido intentada 67 veces
  • La puntuación promedio es 9 de 20
Estadísticas de respuestas
Densidad de población
(Hab./km2)
Respuesta % Correcto
441 India
83%
20.000 Mónaco
79%
2.273 Ciudad del Vaticano
77%
1.169 Bangladés
67%
557 San Marino
67%
8.277 Singapur
67%
1.707 Malta
58%
514 Corea del sur
50%
531 Países bajos
48%
2.079 Baréin
44%
2.215 Maldivas
38%
642 Taiwán
38%
571 Nauru
37%
443 Israel
35%
628 Mauricio
33%
525 Líbano
29%
656 Barbados
27%
534 Ruanda
23%
454 Comoras
21%
471 Burundi
19%
No se encontraron pruebas coincidentes
Distribución de puntuación
Porcentaje de gente con cada puntuación
Porcentaje por número respondido
Historial de tus puntuaciones
No has intentado esta prueba.